00491 2200193 4500001002100000005001500021035002000036007000300056008004100059020002300100082001200123084001800135100001700153245004600170250000600216260003100222300002700253600001700280INLIS00000000000190120220318043559 a0010-0322000463ta220318 e f ind  a978-623-900-87-9-6 a899.221 a899.221 ALB k0 aALBERT CAMUS1 aKOTA-KOTA TANPA MASA LALU /cALBERT CAMUS a2 aYogyakarta :bCIRCA,c2021 a133 :bILS ;c12X18 CM 4aALBERT CAMUS